000 00542nab#a2200193#c#4500
999 _c19051
_d19051
003 IEF
005 20191205175148.0
008 950704s1975 uuu|| #####0 b| |u
040 _aIEF
_cES-MaIEF
100 1 _aMusgrave, Richard Abel
_930848
245 _aTeorías del federalismo fiscal
_c Richard A. Musgrave
260 _c1975
500 _aConclusiones,Bibliografía
650 4 _aFEDERALISMO FISCAL
_944156
773 0 _tHacienda pública española
_w34570
_gn. 35, 1975;pags. 387-393
942 _2udc
942 _2udc